000 00241nam a2200097Ia 4500
008 240625s9999 xx 000 0 und d
041 _aeng
082 _a808.20 MEH
100 _aMEHTA GAURAV
245 _aCOMPETITOR ANALYSIS SALES PROMOTION OF V
999 _c35749
_d35749